Districts des Bahamas - Statistiques

Statistiques générales
  • Ce quiz a été pris 3 fois
  • Le résultat moyen est 30 sur 32
Réponses sur la Carte
Les réponses sont colorées sur une échelle allant du rouge au vert en fonction du pourcentage des utilisateurs qui les ont devinées à leur premier essai. Vous pouvez retrouver ces pourcentages ci-dessous.
 
Statistiques - réponses
Réponse % Correct
Berry Islands
100%
Bimini
100%
Black Point
100%
Cat Island
100%
Central Abaco
100%
Central Andros
100%
Central Eleuthera
100%
East Grand Bahama
100%
Exuma
100%
Grand Cay
100%
Harbour Island
100%
Hope Town
100%
Inagua
100%
Long Island
100%
Mangrove Cay
100%
Mayaguana
100%
Moore's Island
100%
New Providence
100%
North Abaco
100%
North Andros
100%
North Eleuthera
100%
Ragged Island
100%
Rum Cay
100%
South Abaco
100%
South Andros
100%
South Eleuthera
100%
Spanish Wells
100%
West Grand Bahama
100%
Acklins
50%
City of Freeport
50%
San Salvador
50%
Crooked Island and Long Cay
0%
Aucun quiz correspondant
Distribution des résultats
% des personnes avec chaque résultat
Percentile par nombre de réponses
Votre historique - résultats
Vous n’avez pas pris ce quiz